000 00609nam a2200229Ia 4500
003 OSt
005 20220923230351.0
006 a|||||r|||| 00| 0
007 ta
008 Pun
024 _a279,835
037 _cTextual
040 _aARTS
_cARTS
_bPun
041 _2Pun
_aPun
082 _aO153.1NGHx, M5
100 _aਘੁੰਮਣ, ਇੰਦਰਜੀਤ
_9156279
245 0 _aਨਿੱਘੇ ਅੱਖਰ
260 _c1985
650 _aਪੰਜਾਬੀ ਸਾਹਿਤ
942 _hO153.1NGHx, M5
_cTEXL
_2CC
999 _c384295
_d384295